[Event "Windsor NAYCC U14"]
[Site "Windsor"]
[Date "2016.08.08"]
[Round "2.72"]
[White "Butchart, Brian"]
[Black "Liu, Daniel1111"]
[Result "0-1"]
[WhiteElo "1177"]
[BlackElo "1609"]
[PlyCount "52"]
[EventDate "2016.08.07"]
[EventType "swiss"]
[EventRounds "9"]
[EventCountry "CAN"]
[SourceTitle "EXT 2022"]
[Source "ChessBase"]
[SourceDate "2021.10.06"]
[SourceVersion "1"]
[SourceVersionDate "2021.10.06"]
[SourceQuality "1"]

1. e4 c5 2. Nc3 d6 3. g3 g6 4. Bg2 Bg7 5. d3 Nc6 6. Be3 e6 7. Nge2 Nge7 8. Qd2 0-0 9. h4 Ne5 10. f3 h5 11. Rf1 b6 12. Nd1 d5 13. Nf2 f5 14. Bg5 Bb7 15. Bh1 Qd7 16. f4 Nf7 17. e5 Nxg5 18. hxg5 d4 19. b4 Bxh1 20. Rxh1 Rfc8 21. Kd1 Nd5 22. a3 cxb4 23. axb4 Ne3+ 24. Ke1 Rxc2 25. Qxc2 Nxc2+ 26. Kd2 Nxa1 0-1

[Event "CAN-ch U12"]
[Site "Ottawa"]
[Date "2013.07.12"]
[Round "5"]
[White "Kilroy, Evan"]
[Black "Butchart, Brian"]
[Result "0-1"]
[WhiteElo "1135"]
[BlackElo "809"]
[PlyCount "110"]
[EventDate "2013.07.10"]
[EventType "swiss"]
[EventRounds "6"]
[EventCountry "CAN"]
[SourceTitle "EXT 2022"]
[Source "ChessBase"]
[SourceDate "2021.10.06"]
[SourceVersion "1"]
[SourceVersionDate "2021.10.06"]
[SourceQuality "1"]

1. e4 c5 2. Bc4 e6 3. Nc3 a6 4. a4 Qc7 5. Nf3 d6 6. 0-0 Nf6 7. Re1 Nbd7 8. d3 Be7 9. h3 0-0 10. Bf4 b6 11. Qd2 Bb7 12. Re2 Kh8 13. Rae1 Rac8 14. g4 Rfd8 15. Qe3 Bf8 16. Ng5 Kg8 17. e5 Ne8 18. Bxe6 fxe6 19. Nxe6 Qc6 20. Qe4 d5 21. Nxd8 Rxd8 22. Qg2 Be7 23. e6 Ndf6 24. Qf3 Kh8 25. g5 Ng8 26. h4 Bd6 27. Bxd6 Rxd6 28. e7 d4 29. Qxc6 Bxc6 30. Ne4 Rd7 31. Ng3 Bxa4 32. Re6 Bxc2 33. Rxb6 Bxd3 34. Rb8 Bg6 35. h5 Bf7 36. f4 d3 37. Nf1 Bxh5 38. Nd2 Nxe7 39. Ra8 Kg8 40. Rxa6 Kf7 41. Rc6 Nxc6 42. Kg2 Rb7 43. b3 Nd4 44. Rb1 Nd6 45. Kf2 Re7 46. Kg3 Re2 47. Rd1 N6f5+ 48. Kh3 Re3+ 49. Kg2 Bxd1 50. Kf2 Re2+ 51. Kf1 Rxd2 52. Ke1 Rh2 53. Kxd1 d2 54. g6+ hxg6 55. b4 Ne3# 0-1